000
00246nam a2200097Ia 4500
008
220204s9999 xx 000 0 und d
082
_a
677.18
_b
COI
245
0
_a
Coir: Its extraction, properties and use
260
_a
Delhi
_b
CSIR
_c
1960
942
_c
BK
999
_c
22708
_d
22708